Identidad nacional y literatura nacional en Costa Rica : La "Generación del Olimpo" /
Gespeichert in:
| 1. Verfasser: | |
|---|---|
| Format: | Unbekannt |
| Schlagworte: | |
| Tags: |
Tag hinzufügen
arrozç
1
|
MARC
| LEADER | 000000000a22000000004500 | ||
|---|---|---|---|
| 001 | 003144 | ||
| 041 | 0 | |a spa, eng, fre | |
| 100 | 1 | |a Quesada Soto, Álvaro, |d 1945-2001 | |
| 245 | 1 | 0 | |a Identidad nacional y literatura nacional en Costa Rica : |b La "Generación del Olimpo" / |c Álvaro Quesada Soto. |
| 310 | |a Bianual | ||
| 650 | 4 | |a LITERATURA COSTARRICENSE | |
| 650 | 4 | |a IDENTIDAD EN LA LITERATURA | |
| 650 | 4 | |a GENERACION DEL OLIMPO | |
| 650 | 4 | |a ANALISIS LITERARIO | |
| 650 | 4 | |a LITERATURA Y SOCIEDAD | |
| 650 | 4 | |a AMERICA LATINA | |
| 650 | 4 | |a PUBLICACIONES PERIODICAS | |
| 650 | 4 | |a REGION DEL CARIBE | |
| 773 | 0 | |x 0826-36630 |d Canadá |t Canadian Journal of Latin American |g volumen 17, número 34 (1992), páginas 97-113 | |
| 942 | |c ARC | ||
| 999 | |c 9976 |d 9976 | ||
